Historia de la filosofía: De Bentham a Russell
Guardado en:
| Hovedforfatter: | |
|---|---|
| Format: | Bog |
| Sprog: | Spanish |
| Udgivet: |
Barcelona, España
Editorial Ariel
1993
|
| Udgivelse: | Segunda edición |
| Fag: | |
| Tags: |
Tilføj Tag
Ingen Tags, Vær først til at tagge denne postø!
|
MARC
| LEADER | 00000nam a2200000Ia 4500 | ||
|---|---|---|---|
| 008 | 170316s9999 xx 000 0 spa d | ||
| 040 | |a cru BVZT | ||
| 090 | |a H-100 C-2h v.8 | ||
| 100 | |a Copleston, Frederick | ||
| 245 | |a Historia de la filosofía: De Bentham a Russell |c Frederick Copleston | ||
| 250 | |a Segunda edición | ||
| 260 | |a Barcelona, España | ||
| 260 | |b Editorial Ariel | ||
| 260 | |c 1993 | ||
| 300 | |a 486 páginas. Vol. 8 | ||
| 650 | |a FILOSOFÍA |9 5 | ||
| 650 | |a BENTHAM | ||
| 650 | |a RUSSELL | ||
| 650 | |a EMPIRÍSMO BRITÁNICO | ||
| 650 | |a MOVIMIENTO IDEALISTA - GRAN BRETAÑA | ||
| 650 | |a IDEALISMO EN NORTEAMERICA | ||
| 650 | |a MOVIMIENTO PRAGMATISTA | ||
| 650 | |a IDEALISMO | ||
| 999 | |c 28890 |d 28890 | ||
| 942 | |c SALA |h H-100 C-2h v.8 |2 z | ||
